000 005500000a22001810004500
003 MACL
005 20160130162822.0
008 160130b xxu||||| |||| 00| 0 eng d
040 _aMACL
_cMACL
041 _aEnglish
082 _a340
100 _aSaran, Mr Justice Amar
_936287
245 _aLaw Relating to Right To Information
_bAn exhaustive analytical and most up to date commentary on The Right To Information Act, 2005
260 _bOrient Publishing Company
_c2011
_aNew Delhi
350 _a1695
650 _aLaw
_936288
942 _cBK
_2ddc
999 _c45743
_d45743